MAASAI MARA UNIVERSITY

LIBRARY CATALOGUE

Contact Us: +254 020 2685356/7 or 0774 057787

Box: 861-20500, NAROK, KENYA

Email: info@mmarau.ac.ke

Boy meets girl / (Record no. 18838)

MARC details
000 -LEADER
fixed length control field 00692nam a22002297a 4500
003 - CONTROL NUMBER IDENTIFIER
control field OSt
005 - DATE AND TIME OF LATEST TRANSACTION
control field 20201014094804.0
008 - FIXED-LENGTH DATA ELEMENTS--GENERAL INFORMATION
fixed length control field
020 ## - INTERNATIONAL STANDARD BOOK NUMBER
International Standard Book Number 1590521676
020 ## - INTERNATIONAL STANDARD BOOK NUMBER
International Standard Book Number 1576737098
040 ## - CATALOGING SOURCE
Transcribing agency MMU
Language of cataloging eng
Original cataloging agency MMU
Modifying agency MMU
Description conventions MMU
050 00 - LIBRARY OF CONGRESS CALL NUMBER
Classification number BV4596
Item number .S5H36 2005
100 1# - MAIN ENTRY--PERSONAL NAME
Personal name Harris, Joshua.
245 10 - TITLE STATEMENT
Title Boy meets girl /
Statement of responsibility, etc. Joshua Harris.
260 ## - PUBLICATION, DISTRIBUTION, ETC. (IMPRINT)
Place of publication, distribution, etc. Sisters:
Name of publisher, distributor, etc. Multnomah Publishers,
Date of publication, distribution, etc. 2005.
300 ## - PHYSICAL DESCRIPTION
Extent 247 p. :
Dimensions 21 cm.
500 ## - GENERAL NOTE
General note Includes bibliographical references (p. 241-243).
650 #0 - SUBJECT ADDED ENTRY--TOPICAL TERM
Topical term or geographic name as entry element Single people
General subdivision Religious life.
650 #0 - SUBJECT ADDED ENTRY--TOPICAL TERM
Topical term or geographic name as entry element Courtship
General subdivision Religious aspects
-- Christianity.
650 #0 - SUBJECT ADDED ENTRY--TOPICAL TERM
Topical term or geographic name as entry element Dating (Social customs)
General subdivision Religious aspects
-- Christianity.
942 ## - ADDED ENTRY ELEMENTS (KOHA)
Source of classification or shelving scheme Library of Congress Classification
Koha item type L
Holdings
Withdrawn status Lost status Source of classification or shelving scheme Damaged status Not for loan Home library Current library Date acquired Source of acquisition Total Checkouts Full call number Barcode Date last seen Date last checked out Price effective from Koha item type
    Library of Congress Classification     Maasai Mara University Library -Main Campus Maasai Mara University Library -Main Campus 08/22/2016 Donation 8 BV4596.S5H36 2005 201517367 02/20/2020 02/16/2020 08/22/2016 L
© 2016 Maasai Mara University.